000 00699nam a22001937a 4500
005 20100807153537.0
010 _aENG-98870
020 _c50.00
035 _aEN-82402
037 _bDBAD/PUB
082 _a338.91
100 _aPruthi, Surinder P S
_98894
245 _aChanging Global economic & financial balance /
_cby Surinder P S Pruthi
260 _aNew Delhi
_bPitambar Publishing
_c2008
270 _a888 East Park Road Karol Bagh
_bNew Delhi
_e110005
300 _a48p
_c18cm(pbk)
942 _2ddc
_cEN
_h338.91
_mPRU
999 _c40151
_d40151